01314nam a2200325 a 4500001001000000003000900010005001700019007000300036008004100039020001800080040003000098041000800128082002400136100003600160245007600196264007400272300002800346336002700374337003300401338002800434500005500462590002600517650002400543650002600567910000700593942001400600952010500614952025200719999001700971000046077DO-SdBNP20250129081740.0ta150617s2012 dr 000 j spa d a9789945404708 aDO-SdBNPbspacBNPHUerda hspa aRD863.44bJ942m2221 aJulián, Aquileseautor97414710aMujer que llamo Laura :by otros cuentos premiados /cAquiles Julián. aSanto Domingo, :bEdiciones de culturabMinisterio de Cultura,c2012. a133 p.óginas;c23 cm. ardacontentbtexto2txt ardamediabsin mediación2n ardacarrierbvolumen2nc aIncluye datos biográficos del autor en la solapa aInventariado, 2025/DG 4aCuentos dominicanos 4aLiteratura dominicana aDG 2ddccLBS1 0010718PDaPDbPDcHDd2015-06-17iLF1l0o p46077-10r2020-06-25w2020-06-25yLFPDZNo se presta 00102ddc51708PDaBNPHUbBNPHUcCTd2025-01-29eDonado por la Presidencia de la República Dominicana 2023l0oBNPHU PD RD863.44 J942mp2025-0554r2025-01-29te.2w2025-01-29yLBS1zPertenecio a la biblioteca personal de Emilio Cordero Michel c45566d45566